000 02007 a2200229 4500
001 49338
005 20260407155756.0
008 260407a2010 arg spa d
003 AR-UNSa-BCEJYS
040 _aAR-UNSa-BCEJYS
_bspa
_cAR-UNSa-BCEJYS
080 _a347.737
_xGarantías autoliquidables
245 1 0 _aLas garantías autoliquidables
020 _a978-987-30-0103-1
264 1 _aSanta Fe :
_bRubinzal-Culzoni Editores
_c2010
300 _a594 p.
_c22 cm.
505 _a1. Preliminares: Precisión terminológica - 2. Antecedentes históricos: Razones que impulsaron al legislador y a los operadores económicos a aceptar e incorporar las garantías autoliquidables al ordenamiento jurídico y tráfico negocial - 3. El proceso jurisdiccional como estructura que sirve de base para la ejecución patrimonial del deudor - 4. Aspectos que caracterizan a las garantías autoliquidables como especie alternativa de ejecución patrimonial. Potestades autoliquidativas que tiene el acreedor sobre el patrimonio del garante. Eficacia jurígena del principio de la autonomía voluntad en la creación y regulación de estas garantías - 5. Responsabilidad civil por los perjuicios producidos por el uso abusivo de las garantías autoejecutables. Mecanismos o instrumentos existentes en las diversas especies de estas garantías para prevenir la producción de daños antijurídicos al deudor con motivo de su utilización - 6. Proceso concursal y garantías autoliquidables - 7. Análisis de la doctrina, jurisprudencia y legislación extranjeras, con el fin de conocer el estado actual de las garantías autoejecutables en otros países - 8. Las garantías autoliquidables como medios de ejecución patrimonial. Estudio comparativo con las garantías ejecutables judicialmente.
041 _aspa
942 _cBK
590 _aniveau_biblio:m niveau_hierar:0
100 1 _aBoretto, Mauricio
856 4 1 _uhttps://www.biblioeco.unsa.edu.ar/pmb/images/libros/L128015.jpg
_yImagen de portada
_qimage/jpeg
999 _c4809
_d4809